[Event "Saarland-ch Seniors"]
[Site "Eppelborn"]
[Date "2008.03.26"]
[Round "2"]
[White "Gimber, Robert"]
[Black "Schumacher, Robert"]
[Result "1-0"]
[WhiteElo "1946"]
[BlackElo "1845"]
[PlyCount "57"]
[EventDate "2008.03.15"]
[EventType "swiss"]
[EventRounds "9"]
[EventCountry "GER"]
[SourceTitle "EXT 2010"]
[Source "ChessBase"]
[SourceDate "2010.11.25"]
[SourceVersion "1"]
[SourceVersionDate "2010.11.25"]
[SourceQuality "1"]

1. Nf3 Nf6 2. d4 d5 3. c4 e6 4. Nc3 c6 5. Bg5 Be7 6. e3 Nbd7 7. Rc1 Ng4 8. Bxe7 Qxe7 9. Bd3 0-0 10. 0-0 f5 11. h3 Nh6 12. Qb3 Nf6 13. Ne5 Ne4 14. Bxe4 fxe4 15. cxd5 exd5 16. Nxe4 Kh8 17. Ng3 Nf7 18. f4 Nh6 19. Kh2 Nf5 20. Nxf5 Bxf5 21. Rf3 Be4 22. Rg3 Rf5 23. Qd1 Rd8 24. Qg4 Rd6 25. a3 g6 26. b4 a6 27. Rc3 Kg7 28. Nf3 Rh5 29. Qxh5 1-0

[Event "Saarland-ch Seniors"]
[Site "Eppelborn"]
[Date "2008.03.26"]
[Round "3"]
[White "Schumacher, Robert"]
[Black "Maas, Karl Heinz"]
[Result "1-0"]
[WhiteElo "1845"]
[BlackElo "1388"]
[PlyCount "47"]
[EventDate "2008.03.15"]
[EventType "swiss"]
[EventRounds "9"]
[EventCountry "GER"]
[SourceTitle "EXT 2010"]
[Source "ChessBase"]
[SourceDate "2010.11.25"]
[SourceVersion "1"]
[SourceVersionDate "2010.11.25"]
[SourceQuality "1"]

1. d4 Nf6 2. e3 e6 3. Bd3 d5 4. Nd2 a6 5. f4 c5 6. c3 c4 7. Bc2 Be7 8. Ngf3 0-0 9. 0-0 Nfd7 10. e4 Nb6 11. e5 f5 12. exf6 Bxf6 13. Ne5 N8d7 14. Ndf3 Nxe5 15. fxe5 Be7 16. Be3 Nd7 17. Qb1 h6 18. Bg6 Bg5 19. Nxg5 Rxf1+ 20. Qxf1 hxg5 21. Qf7+ Kh8 22. Rf1 Qg8 23. Qf3 Nf8 24. Qh5+ 1-0

[Event "Saarland-ch Seniors"]
[Site "Eppelborn"]
[Date "2008.03.26"]
[Round "5"]
[White "Schumacher, Robert"]
[Black "Passeier, Helmut"]
[Result "1/2-1/2"]
[WhiteElo "1845"]
[BlackElo "2127"]
[PlyCount "32"]
[EventDate "2008.03.15"]
[EventType "swiss"]
[EventRounds "9"]
[EventCountry "GER"]
[SourceTitle "EXT 2010"]
[Source "ChessBase"]
[SourceDate "2010.11.25"]
[SourceVersion "1"]
[SourceVersionDate "2010.11.25"]
[SourceQuality "1"]

1. d4 d5 2. Nf3 Nf6 3. e3 Nbd7 4. Be2 e6 5. b3 Bd6 6. Bb2 Qe7 7. Nbd2 0-0 8. 0-0 e5 9. dxe5 Nxe5 10. Nxe5 Bxe5 11. Bxe5 Qxe5 12. Nf3 Qc3 13. Qd2 Qxd2 14. Nxd2 Re8 15. Bf3 c6 16. c4 Be6 1/2-1/2